MARC

LEADER 00000nam0a2200000 4500
001 118665
005 20231031124220.0
035 |a (RuTPU)RU\TPU\book\128404 
035 |a RU\TPU\book\128388 
090 |a 118665 
100 |a 20070615d1991 km y0rusy50 ca 
101 0 |a rus 
102 |a RU 
105 |a a b 000zy 
200 1 |a Холодильные машины и аппараты  |e каталог  |h Ч. 1  |f Всесоюзный научно-исследовательский, проектно-конструкторский и технологический институт холодильного машиностроения ; ЦИНТИХИМНЕФТЕМАШ ; под ред. А. В. Быкова 
210 |a Москва  |c ЦИНТИХИМНЕФТЕМАШ  |d 1991 
215 |a 60 с.  |c ил. 
610 1 |a холодильная техника 
610 1 |a холодильное дело 
610 1 |a холодильное оборудование 
610 1 |a холодильные машины 
610 1 |a компрессоры 
610 1 |a каталоги 
675 |a 621.56(085)  |v 3 
702 1 |a Быков  |b А. В.  |4 340 
712 0 2 |a Всесоюзный научно-исследовательский, проектно-конструкторский и технологический институт холодильного машиностроения 
712 0 2 |a Центральный институт научно-технической информации и технико-экономических исследований по химическому и нефтяному машиностроению (ЦИНТИХИМНЕФТЕМАШ)  |2 stltpush  |3 (RuTPU)RU\TPU\col\10810 
801 1 |a RU  |b 63413507  |c 20041126  |g PSBO 
801 2 |a RU  |b 63413507  |c 20150820  |g PSBO 
942 |c BK